000 00504nam a22001337a 4500
040 _cNUST
082 _a220 PRO
100 _aMUHAMMAD HASSAN MUSTAFA MUHAMMAD SAAD IDREES MUHAMMAD HASSAN SAEED
_9122749
110 _aPROJECT SUPERVISOR DR. RAJA AMER AZIM
_985606
245 _aPR-SOF-2280-Design and Manufacture of Electric Powertrain for the Conversion of ICE vehicle into Full Electric Vehicle
260 _aISLAMABAD:
_bNUST COLLEGE OF EME,
_c2023.
650 _aDE-MECH-41
_9122750
942 _2ddc
_cPR
999 _c609196
_d609196